The Elements of Statistical Learning. Data Mining, Inference, and Prediction
This book describes the important ideas in a variety of fields such as medicine, biology, finance, and marketing in a common conceptual framework. While the approach is statistical, the emphasis is on concepts rather than mathematics. Many examples are given, with a liberal use of colour graphics. I...
Wedi'i Gadw mewn:
| Prif Awduron: | , , |
|---|---|
| Fformat: | Electronig Llyfr |
| Iaith: | Saesneg |
| Cyhoeddwyd: |
New York, USA:
Springer Science+Business Media,
2009.
|
| Rhifyn: | Second edition. |
| Cyfres: | Springer Series in Statistics (SSS).
|
| Pynciau: | |
| Mynediad Ar-lein: | Disponible Online. |
| Tagiau: |
Ychwanegu Tag
Dim Tagiau, Byddwch y cyntaf i dagio'r cofnod hwn!
|
MARC
| LEADER | 00000cam a2200000 a 4500 | ||
|---|---|---|---|
| 001 | UCF7161 | ||
| 003 | CL-VaPUC | ||
| 005 | 20241030161713.0 | ||
| 008 | 130613e20090000US |||||||||||||||||eng|d | ||
| 999 | |c 352080 |d 352078 | ||
| 020 | |a 978-0-387-84857-0 (Hardcover) | ||
| 020 | |a 978-0-387-84858-7 (eBook) | ||
| 024 | |2 DOI |a 10.1007/978-0-387-84858-7 | ||
| 040 | |c Pontificia Universidad Católica de Valparaíso | ||
| 082 | 0 | 4 | |a 006.312 HAS 2009 |2 21 |
| 100 | |a Hastie, Trevor J |e author |9 222215 | ||
| 245 | 1 | 4 | |a The Elements of Statistical Learning. |b Data Mining, Inference, and Prediction |h [electronic resource]. |
| 250 | |a Second edition. | ||
| 260 | |a New York, USA: |b Springer Science+Business Media, |c 2009. | ||
| 300 | |a xxii, 745 páginas: ilustraciones. |b Online resource. | ||
| 490 | |a Springer Series in Statistics (SSS). | ||
| 520 | |a This book describes the important ideas in a variety of fields such as medicine, biology, finance, and marketing in a common conceptual framework. While the approach is statistical, the emphasis is on concepts rather than mathematics. Many examples are given, with a liberal use of colour graphics. It is a valuable resource for statisticians and anyone interested in data mining in science or industry. The book's coverage is broad, from supervised learning (prediction) to unsupervised learning. The many topics include neural networks, support vector machines, classification trees and boosting---the first comprehensive treatment of this topic in any book. This major new edition features many topics not covered in the original, including graphical models, random forests, ensemble methods, least angle regression & path algorithms for the lasso, non-negative matrix factorisation, and spectral clustering. There is also a chapter on methods for "wide'' data (p bigger than n), including multiple testing and false discovery rates. | ||
| 583 | |a last modification |c 20151027 02:51:44 |k Rodrigo Vera | ||
| 650 | 0 | |a Estadística |9 259535 |x Biología, finanzas, marketing y medicina |v Análisis conceptual | |
| 650 | 0 | |a Minería de datos |2 CL-VaPUC |x Inferencia y predicción |v Gráficos estadísticos |9 600370 | |
| 700 | 0 | |a Tibshirani, Robert |e author |9 569152 | |
| 700 | 0 | |a Friedman, Jerome |e author |9 569153 | |
| 856 | |u https://doi.org/10.1007/978-0-387-84858-7 |y Disponible Online. | ||
| 942 | |c BK |2 ddc | ||
| 945 | |d 20130613 00:00:00 |a dcastane | ||
| 952 | |0 0 |1 0 |4 0 |6 006_312000000000000_HAS_2009 |7 0 |8 A |9 456610 |a BIBGIM |b BIBGIM |d 2019-11-22 |i 4979281 |l 1 |o 006.312 HAS 2009 |p 4979281 |q 2019-01-21 |r 2020-08-04 |s 2020-08-04 |w 2019-11-22 |y BK |k EST | ||
| 952 | |0 0 |1 0 |3 erd |4 0 |6 006_312000000000000_HAS_2009 |7 0 |8 A |9 456611 |a BIBING |b BIBING |i 5246180 |o 006.312 HAS 2009 |p 5246180 |r 2025-01-20 |w 2019-11-22 |y BK |z Catalogado en:20151029 |k CCI | ||
| 952 | |0 0 |1 0 |3 erd |4 0 |6 006_312000000000000_HAS_2009 |7 0 |8 A |9 456612 |a BIBING |b BIBING |i 5246172 |o 006.312 HAS 2009 |p 5246172 |r 2025-01-20 |w 2019-11-22 |y BK |z Catalogado en:20151029 |k CCI | ||
| 952 | |0 0 |1 0 |3 erd |4 0 |6 006_312000000000000_HAS_2009 |7 0 |8 A |9 456613 |a BIBING |b BIBING |i 5246199 |o 006.312 HAS 2009 |p 5246199 |r 2025-01-20 |w 2019-11-22 |y BK |z Catalogado en:20151029 |k CCI | ||
| 952 | |0 0 |1 0 |3 erd |4 0 |6 006_312000000000000_HAS_2009 |7 0 |8 A |9 456614 |a BIBING |b BIBING |i 543274K |o 006.312 HAS 2009 |p 543274K |r 2025-01-20 |w 2019-11-22 |y BK |z Catalogado en:20171025 |k EII | ||
| 952 | |0 0 |1 0 |3 erd |4 0 |6 006_312000000000000_HAS_2009 |7 0 |8 A |9 456615 |a BIBING |b BIBING |d 2019-10-07 |e 1 |g 74938.00 |i 5563402 |l 1 |o 006.312 HAS 2009 |p 5563402 |r 2025-01-20 |s 2024-08-07 |v 74938.00 |w 2019-11-22 |y BK |z Catalogado en:20191010 |k EII | ||
| 952 | |0 0 |1 0 |2 ddc |4 0 |7 5 |9 597621 |a BIBGIM |b BIBGIM |c ONLINE |d 2024-10-28 |i 352080 |p 352080 |r 2024-10-28 |w 2024-10-28 |y BK |k EST | ||